Pharmacopoeia of the Medical College hospitals, Calcutta. (Record no. 86579)

MARC details
000 -LEADER
fixed length control field 00790cam a22002771 4500
001 - CONTROL NUMBER
control field sa 68015642
003 - CONTROL NUMBER IDENTIFIER
control field DLC
005 - DATE AND TIME OF LATEST TRANSACTION
control field 20260227112645.0
008 - FIXED-LENGTH DATA ELEMENTS--GENERAL INFORMATION
fixed length control field 850107s1963 ii 000 0 eng
010 ## - LIBRARY OF CONGRESS CONTROL NUMBER
LC control number sa 68015642
025 ## - OVERSEAS ACQUISITION NUMBER
Overseas acquisition number PL480:I-E-8383
035 ## - SYSTEM CONTROL NUMBER
System control number (OCoLC)11554757
040 ## - CATALOGING SOURCE
Original cataloging agency DLC
Transcribing agency HU
Modifying agency DLC
042 ## - AUTHENTICATION CODE
Authentication code premarc
043 ## - GEOGRAPHIC AREA CODE
Geographic area code a-ii---
050 00 - LIBRARY OF CONGRESS CALL NUMBER
Classification number RC55
Item number .M38 1963
110 2# - MAIN ENTRY--CORPORATE NAME
Corporate name or jurisdiction name as entry element Medical College Hospitals Pharmacopoeia Committee.
245 10 - TITLE STATEMENT
Title Pharmacopoeia of the Medical College hospitals, Calcutta.
250 ## - EDITION STATEMENT
Edition statement Rev. ed.
260 ## - PUBLICATION, DISTRIBUTION, ETC.
Place of publication, distribution, etc. [Calcutta]
Date of publication, distribution, etc. 1963.
300 ## - PHYSICAL DESCRIPTION
Extent vii, 328 p.
Dimensions 15 cm.
500 ## - GENERAL NOTE
General note Cover title.
500 ## - GENERAL NOTE
General note At head of title: Govt. of West Bengal.
650 #0 - SUBJECT ADDED ENTRY--TOPICAL TERM
Topical term or geographic name entry element Medicine
Form subdivision Handbooks, manuals, etc.
650 #0 - SUBJECT ADDED ENTRY--TOPICAL TERM
Topical term or geographic name entry element Pharmacopoeias
Geographic subdivision India.

No items available.

Powered by Koha